Loading...
| Fine Arts - Classical Music | 3 | 6.67 | 67% | 0% | 0% |
| Fine Arts - Other | 6 | 10.00 | 83% | 17% | 0% |
| Fine Arts - Painting and Sculpture | 3 | 6.67 | 67% | 0% | 0% |
| Geography | 1 | 0.00 | 0% | 0% | 0% |
| History - American | 5 | 10.00 | 100% | 0% | 0% |
| History - European | 2 | 10.00 | 100% | 0% | 0% |
| History - Other | 3 | 13.33 | 100% | 33% | 0% |
| History - World | 3 | 10.00 | 67% | 33% | 0% |
| Literature - American | 3 | 13.33 | 100% | 33% | 0% |
| Literature - British | 4 | 12.50 | 100% | 25% | 0% |
| Literature - European | 2 | 10.00 | 100% | 0% | 0% |
| Literature - World | 4 | 7.50 | 75% | 0% | 0% |
| Mythology | 2 | 15.00 | 100% | 50% | 0% |
| Philosophy | 2 | 5.00 | 50% | 0% | 0% |
| Pop Culture | 1 | 10.00 | 100% | 0% | 0% |
| Religion | 3 | 13.33 | 100% | 0% | 33% |
| Science - Biology | 3 | 10.00 | 100% | 0% | 0% |
| Science - Chemistry | 2 | 5.00 | 50% | 0% | 0% |
| Science - Other | 3 | 10.00 | 100% | 0% | 0% |
| Science - Physics | 1 | 0.00 | 0% | 0% | 0% |